00839nam a2200241 a 450000100060000000300090000600800410001502000150005604000280007108200160009910000250011524500500014025000060019026000380019630000100023449000380024459000640028265000370034665000330038394200120041699900170042895201520044519206CO-ViMGA141112s2004 ck r 000 u spa d a8471123487 aCO-ViMGAbspacCO-ViMGA04a796.4 A756e1 aArnold, Peter92758010aEducación física, movimiento y curriculum a2 aMadrid : bEdiciones Morata; 1991 a204p. aEducación Infantíl y primaria aForma de adquisición : Proyecto 2005 - - Precio : 75.60014aeducación FISICA - ENSEÑANZA14aeducación Y DEPORTE927581 2ddccBK c28368d28368 00102ddc40708003aMEVIECARbMEVIECARd2015-12-04hVolumen. 1 | 11/jun/2009l0o796.4 A 756e p19206r2015-12-04 00:00:00tEj. 1w2015-12-04yBK